000 00593nam a2200121Ia 4500
008 220615s9999||||xx |||||||||||||| ||und||
245 0 _aIslamic Peace Ethics
_bLegitimate and Illegitimate Violence in Contemporary Islamic Thought
546 _aEnglish[eng]
650 _aPolitical Science||Ethics||Hadith||Islam||Jihad||Muslims||Quran
700 _aShadi, Heydar
856 _uhttps://library.oapen.org/bitstream/20.500.12657/30543/1/645365.pdf||https://library.oapen.org/bitstream/20.500.12657/30543/1/645365.pdf||https://library.oapen.org/bitstream/20.500.12657/30543/1/645365.pdf
942 _cEB
999 _c7889
_d7889